[Event "Summer Team Tournament 2020"]
[Site "Skype"]
[Date "????.??.??"]
[Round "4"]
[White "Martinez Quintero, Javier"]
[Black "Pena, Eduin"]
[Result "1-0"]
[WhiteElo "1773"]
[BlackElo "1833"]
[PlyCount "43"]

1. d4 c5 2. e3 Nf6 3. c4 Nc6 4. Nc3 cxd4 5. exd4 d5 6. Nf3 Bg4 7. cxd5 Nxd5 8.
Be2 e6 9. O-O Be7 10. h3 Bh5 11. Re1 O-O 12. Ne5 Bxe2 13. Rxe2 Nxe5 14. Rxe5
Bf6 15. Re4 Rc8 16. Qb3 Qb6 17. Nxd5 exd5 18. Qxd5 Rfd8 19. Qf5 Bxd4 20. Bg5
Qxb2 21. Rae1 Bf6 22. Qxc8 1-0

[Event "Summer Team Tournament 2020"]
[Site "Skype"]
[Date "????.??.??"]
[Round "4"]
[White "Contreras, Leidy Tatiana"]
[Black "Leyton, Jairo"]
[Result "1-0"]
[WhiteElo "1355"]
[BlackElo "1555"]
[PlyCount "101"]

1. e4 c5 2. Nf3 g6 3. d4 cxd4 4. Nxd4 Bg7 5. Be3 Nc6 6. Bc4 Nf6 7. Nc3 Qa5 8.
O-O O-O 9. Bb3 d6 10. h3 Bd7 11. Re1 Rfc8 12. Qd2 Ne5 13. Bh6 Bh8 14. Qe2 Rab8
15. Rad1 b5 16. f4 Nc4 17. e5 dxe5 18. fxe5 Nh5 19. e6 Bxd4+ 20. Rxd4 Bxe6 21.
Ne4 Qb6 22. Qf2 Rd8 23. Red1 Rxd4 24. Rxd4 a5 25. g4 Ng7 26. c3 Ne8 27. a3 a4
28. Bd1 Rd8 29. Be2 Rxd4 30. Qxd4 Qxd4+ 31. cxd4 Bd5 32. Nc3 Bc6 33. d5 Bd7 34.
Nxa4 Ned6 35. Nc5 Bc8 36. Bc1 Kf8 37. b3 Nb6 38. Bf3 Ke8 39. Kf2 Kd8 40. Be3
Nd7 41. Nxd7 Kxd7 42. Bf4 Bb7 43. Ke3 Ne8 44. Kd4 Kc8 45. g5 Nd6 46. Kc5 Nf5
47. Be2 e6 48. d6 Bd5 49. Bxb5 Bxb3 50. d7+ Kd8 51. Kb6 1-0

[Event "Summer Team Tournament 2020"]
[Site "Skype"]
[Date "????.??.??"]
[Round "4"]
[White "Perez, Luis Horacio"]
[Black "Vasquez, Alejandra"]
[Result "1-0"]
[WhiteElo "1327"]
[BlackElo "1000"]
[PlyCount "41"]

1. d4 d5 2. Nf3 f5 3. Bf4 e6 4. e3 Nf6 5. Nbd2 Be7 6. Bd3 O-O 7. Qe2 Nbd7 8.
Ne5 Ne4 9. g4 Ndf6 10. h3 Bd7 11. g5 Ne8 12. h4 g6 13. h5 Bxg5 14. hxg6 hxg6
15. Nxg6 Rf7 16. Qh5 Kg7 17. Bxg5 Qxg5 18. Qh8+ Kxg6 19. O-O-O Qf6 20. Rdg1+
Ng5 21. Qh6# 1-0

[Event "Summer Team Tournament 2020"]
[Site "Skype"]
[Date "????.??.??"]
[Round "4"]
[White "Pantaleon, Julio"]
[Black "Chavez, Isidro"]
[Result "1-0"]
[WhiteElo "1000"]
[BlackElo "1192"]
[PlyCount "187"]

1. e4 d6 2. d4 g6 3. b3 Bg7 4. Bb2 Nf6 5. Bd3 a6 6. h3 Nc6 7. Nf3 Nb4 8. a3
Nxd3+ 9. Qxd3 O-O 10. O-O Re8 11. Re1 b5 12. Nbd2 Bb7 13. d5 c6 14. dxc6 Bxc6
15. Rac1 e5 16. c4 Rc8 17. Qe3 Bb7 18. Qa7 Qd7 19. cxb5 axb5 20. Qb6 Bc6 21. b4
Rb8 22. Qxc6 Qxc6 23. Rxc6 Red8 24. Rec1 Rb7 25. Rc8 Rxc8 26. Rxc8+ Bf8 27. Ne1
Nd7 28. f3 Nb6 29. Rc6 Na4 30. Ba1 Bh6 31. Rxd6 f6 32. Nb3 Rc7 33. Rxf6 Nc3 34.
Nc5 Ne2+ 35. Kf2 Nd4 36. Ned3 Bg7 37. Rd6 Bf8 38. Bxd4 Bxd6 39. Bxe5 Bxe5 40.
Nxe5 Ra7 41. Ned3 Rxa3 42. h4 Ra2+ 43. Kg3 h5 44. e5 Kf7 45. e6+ Ke7 46. f4 Re2
47. Kf3 Rd2 48. g3 Rd1 49. Ke2 Rh1 50. Kf3 Rf1+ 51. Kg2 Rd1 52. Kf2 Rd2+ 53.
Ke3 Rg2 54. Kf3 Rg1 55. Kf2 Rh1 56. Ne1 Rh2+ 57. Kf3 Rb2 58. Ned3 Rh2 59. Ne1
Rh1 60. Ncd3 Rh2 61. Nf2 Kxe6 62. Ke2 Kd5 63. Kf1 Kc4 64. Kg1 Rxf2 65. Kxf2
Kxb4 66. Ke3 Kc3 67. Nd3 b4 68. Nxb4 Kxb4 69. Ke4 Kc5 70. f5 gxf5+ 71. Kxf5 Kd6
72. Kg5 Ke6 73. Kxh5 Kf6 74. Kg4 Kg6 75. h5+ Kh6 76. Kh4 Kh7 77. g4 Kh6 78. g5+
Kh7 79. h6 Kg6 80. Kg4 Kh7 81. Kf5 Kh8 82. g6 Kg8 83. Kf6 Kh8 84. g7+ Kh7 85.
Ke7 Kg8 86. Ke8 Kh7 87. Kf8 Kxh6 88. g8=Q Kh5 89. Kf7 Kh4 90. Kf6 Kh3 91. Kf5
Kh2 92. Kf4 Kh1 93. Kf3 Kh2 94. Qg2# 1-0

[Event "Summer Team Tournament 2020"]
[Site "Skype"]
[Date "????.??.??"]
[Round "4"]
[White "Thevenet, Yann"]
[Black "Segura Lozano, Marcos Antonio"]
[Result "1-0"]
[WhiteElo "1986"]
[BlackElo "1808"]
[PlyCount "69"]

1. e4 c5 2. b3 e5 3. Bb2 d6 4. Nc3 Be6 5. f4 exf4 6. Nf3 Nc6 7. Bb5 a6 8. Bxc6+
bxc6 9. d4 f6 10. Qd2 c4 11. d5 cxd5 12. exd5 Bf5 13. Qxf4 Nh6 14. Nd4 g5 15.
Qf2 Qe7+ 16. Kd2 Qd7 17. Rae1+ Be7 18. Rhf1 Bg6 19. Qxf6 O-O-O 20. Rxe7 Qg4 21.
Qe6+ Qxe6 22. Nxe6 Rd7 23. Rxd7 Kxd7 24. Rf8 Rxf8 25. Nxf8+ Ke7 26. Nxg6+ hxg6
27. Ne4 cxb3 28. axb3 g4 29. c4 Nf5 30. g3 Kd8 31. Kd3 Kc7 32. Ba3 Kd7 33. Bxd6
Nxd6 34. Nxd6 Kxd6 35. Kd4 1-0

[Event "Summer Team Tournament 2020"]
[Site "Skype"]
[Date "????.??.??"]
[Round "4"]
[White "Salazar Ticeran, Antonio"]
[Black "Kruk, Clementine"]
[Result "0-1"]
[WhiteElo "1589"]
[BlackElo "1548"]
[PlyCount "38"]

1. e4 e5 2. Nf3 Nc6 3. Bc4 Bc5 4. O-O Nf6 5. Nc3 d6 6. h3 Be6 7. Bxe6 fxe6 8.
d3 h6 9. a3 Bb6 10. b4 a6 11. Ne2 O-O 12. Kh1 Qe7 13. g4 Nxe4 14. dxe4 Rxf3 15.
Kg2 Raf8 16. Qe1 Qh4 17. Ng3 Bxf2 18. Qe2 Qxg3+ 19. Kh1 Qxh3# 0-1

. cxd5
Nxd5 21. a5 Qc7 22. Be4 Nf6 23. a6 Nxe4 24. axb7 Nd6 25. Rxa7 Re8 26. Ra8 Rb8
27. Rb1 Nxb7 28. Rxb8+ Qxb8 29. Qxc6 Rc7 1/2-1/2

[Event "Summer Team Tournament 2020"]
[Site "Skype"]
[Date "????.??.??"]
[Round "4"]
[White "Duthoit, Bernard"]
[Black "Scata, Laura"]
[Result "0-1"]
[WhiteElo "1334"]
[BlackElo "1273"]
[PlyCount "44"]

1. e4 c6 2. d4 d5 3. e5 Bf5 4. Bd3 Bxd3 5. Qxd3 e6 6. Nf3 Nd7 7. Bg5 Qb6 8. Qc3
c5 9. dxc5 Bxc5 10. Be3 Bxe3 11. fxe3 Ne7 12. Qb3 Nc6 13. Qxb6 Nxb6 14. O-O Nc4
15. Ng5 N4xe5 16. Nc3 a6 17. Nf3 Nc4 18. Rfe1 Nxb2 19. Rab1 Nc4 20. Rxb7 Nb8
21. e4 dxe4 22. Nd1 exf3 0-1

[Event "Summer Team Tournament 2020"]
[Site "Skype"]
[Date "????.??.??"]
[Round "4"]
[White "Rivalta, Paolo"]
[Black "Taillandier, Vivien"]
[Result "0-1"]
[WhiteElo "1095"]
[BlackElo "1000"]
[PlyCount "84"]

1. c4 e5 2. e4 Nf6 3. Nc3 Bb4 4. Nb5 Nxe4 5. a3 Ba5 6. Qe2 d5 7. b4 Bb6 8. c5
c6 9. d3 cxb5 10. dxe4 Bc7 11. Qxb5+ Qd7 12. exd5 a6 13. Qxd7+ Bxd7 14. d6 Bd8
15. Bb2 Nc6 16. Nf3 O-O 17. Bd3 Re8 18. Be4 Bf6 19. g3 Kh8 20. O-O Nd4 21. Bxb7
Ne2+ 22. Kh1 Ra7 23. Be4 Bb5 24. Rfe1 a5 25. a4 Bc4 26. c6 axb4 27. d7 Re6 28.
Red1 Bd8 29. Bxe5 Nc3 30. Rd6 Nxe4 31. c7 Rxc7 32. Rxe6 fxe6 33. Bxc7 Bxc7 34.
Kg1 b3 35. Rd1 Bd5 36. Ne5 Nc3 37. Rd2 Nxa4 38. Kf1 b2 39. Rxd5 exd5 40. Ke2
b1=Q 41. Nc6 Qe4+ 42. Kf1 Qd3+ 0-1

[Event "Summer Team Tournament 2020"]
[Site "Skype"]
[Date "????.??.??"]
[Round "4"]
[White "Legueltel, Daniel"]
[Black "Mulrooney, Justin"]
[Result "1/2-1/2"]
[WhiteElo "1747"]
[BlackElo "1635"]
[PlyCount "45"]

1. d4 d5 2. c4 Nf6 3. Nc3 g6 4. Nf3 Bg7 5. cxd5 Nxd5 6. e4 Nxc3 7. bxc3 c5 8.
Bb5+ Bd7 9. Bxd7+ Nxd7 10. Rb1 b6 11. O-O O-O 12. Be3 cxd4 13. cxd4 Nf6 14. Qd3
e6 15. Bg5 Qd7 16. Rfd1 Qb7 17. Bxf6 Bxf6 18. d5 Rfd8 19. Qb3 exd5 20. exd5 Be7
21. a4 Bc5 22. Ne5 Rd6 23. Nc6 1/2-1/2

[Event "Summer Team Tournament 2020"]
[Site "Skype"]
[Date "????.??.??"]
[Round "4"]
[White "Gadow, Martin"]
[Black "Hurtado De Mendoza, Ramon Miguel"]
[Result "1/2-1/2"]
[WhiteElo "1530"]
[BlackElo "1549"]
[PlyCount "123"]

1. d4 Nf6 2. Bf4 g6 3. Nd2 Bg7 4. e3 d6 5. Ngf3 a6 6. Bd3 Nbd7 7. O-O Nh5 8.
Bg5 O-O 9. c3 Nhf6 10. e4 c5 11. Qe2 e5 12. dxe5 Nxe5 13. Nxe5 dxe5 14. Nc4 Qc7
15. Ne3 Be6 16. c4 Nh5 17. Nd5 Bxd5 18. cxd5 f6 19. Be3 Nf4 20. Bxf4 exf4 21.
Rad1 Rfe8 22. Qf3 Qd6 23. b3 b6 24. a4 a5 25. g3 fxg3 26. hxg3 Re5 27. Kg2 Rh5
28. Rh1 Rxh1 29. Rxh1 Re8 30. Qf4 Re5 31. Qg4 Rg5 32. Qc8+ Bf8 33. Qe6+ Qxe6
34. dxe6 Re5 35. f4 Rh5 36. Rxh5 gxh5 37. f5 Bd6 38. Be2 h4 39. Bh5 hxg3 40. e5
Be7 41. exf6 Bxf6 42. Kxg3 Kf8 43. Kf4 Ke7 44. Bf3 Kd6 45. Kg4 h6 46. Kh5 Bg5
47. Kg6 Ke7 48. Bg4 Bh4 49. Kxh6 Bf6 50. Bh3 Bh4 51. Kh5 Bf6 52. Kg4 Kd6 53.
Kf4 Bd8 54. Ke4 Bf6 55. Bf1 Bd8 56. Bb5 Bf6 57. Bd7 Bd8 58. Be8 Bf6 59. Kd3 Bd8
60. Kc4 Ke5 61. Kb5 Kxf5 62. Bd7 1/2-1/2

[Event "Summer Team Tournament 2020"]
[Site "Skype"]
[Date "????.??.??"]
[Round "4"]
[White "Rodriguez, Nathalie"]
[Black "Pourtahmasbi, Ednun"]
[Result "1-0"]
[WhiteElo "1335"]
[BlackElo "1305"]
[PlyCount "81"]

1. d4 d5 2. Bf4 Nc6 3. a3 Bf5 4. e3 Nf6 5. Nc3 a6 6. Nf3 e6 7. Bd3 Bxd3 8. Qxd3
Bd6 9. Bg3 Qd7 10. Ne5 Bxe5 11. dxe5 Nh5 12. f4 Nxg3 13. hxg3 O-O-O 14. Rxh7 d4
15. exd4 Nxd4 16. O-O-O g6 17. Rxh8 Rxh8 18. Qxd4 Qxd4 19. Rxd4 Rh1+ 20. Kd2
Rh2 21. Ke3 Rxg2 22. Ne2 c5 23. Rd2 c4 24. c3 b5 25. b4 Rh2 26. Rd6 Kc7 27.
Rxa6 Kb7 28. Rd6 Kc7 29. Nd4 Rh3 30. Kf3 f6 31. Nxb5+ Kb7 32. exf6 Rh1 33. f7
Rh8 34. Rxe6 Rf8 35. Nd6+ Kc6 36. Rxg6 Kd7 37. Rg8 Ke7 38. Rxf8 Kxf8 39. a4 Ke7
40. a5 Kxd6 41. f8=Q+ 1-0

[Event "Summer Team Tournament 2020"]
[Site "Skype"]
[Date "????.??.??"]
[Round "4"]
[White "Dib, Catherine"]
[Black "Hargez, Dany"]
[Result "0-1"]
[WhiteElo "1070"]
[BlackElo "1177"]
[PlyCount "64"]

1. Nf3 Nf6 2. c4 d5 3. cxd5 Nxd5 4. g3 Bf5 5. Bg2 e6 6. a3 Nc6 7. d3 Bg4 8.
Nbd2 Bd6 9. O-O Nf6 10. Rb1 e5 11. b4 Qd7 12. Bb2 Bh3 13. e4 Bxg2 14. Kxg2 h5
15. h4 g5 16. Nxg5 Ng4 17. Ndf3 f6 18. Nh3 O-O-O 19. d4 f5 20. d5 Ne7 21. Re1
f4 22. Nhg5 Ng6 23. Qe2 Kb8 24. Rbc1 Qe8 25. b5 b6 26. Rc3 fxg3 27. fxg3 Rf8
28. Ne6 Nf4+ 29. gxf4 exf4 30. Nxd8 Qg6 31. Nc6+ Ka8 32. Qc4 Ne3+ 0-1

[Event "Summer Team Tournament 2020"]
[Site "Skype"]
[Date "????.??.??"]
[Round "4"]
[White "Lambert, Pierre"]
[Black "Casey, Eamonn"]
[Result "1-0"]
[WhiteElo "1829"]
[BlackElo "1671"]
[PlyCount "55"]

1. e4 e6 2. d4 d5 3. e5 c5 4. c3 Nc6 5. f4 Nge7 6. Nf3 Nf5 7. Be2 Be7 8. O-O
Qb6 9. g4 Nh4 10. Kh1 Nxf3 11. Rxf3 cxd4 12. cxd4 Qxd4 13. Rd3 Qf2 14. Be3 Qh4
15. Qf1 Bd8 16. Bc5 Bc7 17. Nc3 b6 18. Ba3 Ba6 19. Rh3 Bxe2 20. Nxe2 Qd8 21.
Rc1 Ne7 22. Rhc3 Rc8 23. Nd4 Qd7 24. Qb5 Qxb5 25. Nxb5 Ng6 26. Rxc7 Rxc7 27.
Rxc7 Kd8 28. Rxa7 1-0

[Event "Summer Team Tournament 2020"]
[Site "Skype"]
[Date "????.??.??"]
[Round "4"]
[White "Mordaa, Ahmad"]
[Black "Sauvaget, Joel"]
[Result "1-0"]
[WhiteElo "1571"]
[BlackElo "1467"]
[PlyCount "55"]

1. e4 e5 2. Nf3 d6 3. d4 exd4 4. Nxd4 Nf6 5. Bg5 Be7 6. Nd2 Nbd7 7. Bc4 Ne5 8.
Be2 a6 9. O-O O-O 10. c3 Bd7 11. h3 h6 12. Bh4 Rc8 13. f4 c5 14. fxe5 dxe5 15.
N4f3 Nh7 16. Bxe7 Qxe7 17. Nc4 Bb5 18. Ncxe5 Bxe2 19. Qxe2 Ng5 20. Nxg5 hxg5
21. Nc4 Qe6 22. Rad1 Rfe8 23. Nd6 Qxa2 24. Nxc8 Rxc8 25. Rd7 Qb3 26. Rfd1 Re8
27. Rd8 c4 28. Rxe8+ 1-0

[Event "Summer Team Tournament 2020"]
[Site "Skype"]
[Date "????.??.??"]
[Round "4"]
[White "Le Bouill, Pierre"]
[Black "Borg, Anthony"]
[Result "1-0"]
[WhiteElo "1308"]
[BlackElo "1236"]
[PlyCount "53"]

1. d4 e6 2. c3 c5 3. Nf3 cxd4 4. Nxd4 b6 5. Nf3 Bb7 6. Bf4 Nc6 7. e3 Nf6 8. Bd3
Be7 9. Nbd2 Nh5 10. Bg3 Nxg3 11. fxg3 O-O 12. Qc2 g6 13. Nb3 Qc7 14. h4 Qxg3+
15. Qf2 Qxf2+ 16. Kxf2 Nb8 17. Ne5 Bf6 18. Ng4 Bg7 19. Ke2 h5 20. Nf2 Bxg2 21.
Rhg1 Nc6 22. Rxg2 Rad8 23. Rf1 Bf6 24. Rh2 d5 25. Nd4 Bg7 26. Nxc6 Rc8 27. Ne7+
1-0

[Event "Summer Team Tournament 2020"]
[Site "Skype"]
[Date "????.??.??"]
[Round "4"]
[White "Abdulrazzaq, Mohsen"]
[Black "Vervoort, Jean-Louis"]
[Result "0-1"]
[WhiteElo "1000"]
[BlackElo "1180"]
[PlyCount "44"]

1. e4 e5 2. Nf3 Nc6 3. Bb5 d6 4. c3 Nf6 5. d4 Bd7 6. dxe5 dxe5 7. O-O Nxe4 8.
Re1 f5 9. Bxc6 Bxc6 10. Qxd8+ Rxd8 11. Nxe5 Bd6 12. Bf4 Bc5 13. Bg3 O-O 14.
Nxc6 bxc6 15. Bxc7 Bxf2+ 16. Kf1 Rd7 17. Bg3 Bxe1 18. Kxe1 Nxg3 19. hxg3 Re8+
20. Kf2 Rde7 21. Kf3 Re1 22. b4 Rf1# 0-1

[Event "Summer Team Tournament 2020"]
[Site "Skype"]
[Date "????.??.??"]
[Round "4"]
[White "Lovell, Stan"]
[Black "Farthouat, Titoine"]
[Result "1/2-1/2"]
[WhiteElo "1634"]
[BlackElo "1843"]
[PlyCount "69"]

1. d4 Nf6 2. Nc3 d5 3. Bf4 c5 4. e3 a6 5. Be2 e6 6. Nf3 cxd4 7. exd4 Bd6 8. Bg5
O-O 9. O-O b5 10. Bd3 Nc6 11. Ne2 Na5 12. c3 Nc4 13. Qc2 h6 14. Bf4 Rb8 15.
Rfe1 Qc7 16. Bxd6 Qxd6 17. h3 Bd7 18. Ng3 Rfc8 19. Qe2 Rb7 20. Ne5 Rbc7 21.
Nxd7 Qxd7 22. Rac1 Qd8 23. Kf1 Rc6 24. Rc2 Qa5 25. Ra1 b4 26. cxb4 Qxb4 27. Kg1
Nd6 28. Qd2 Qxd2 29. Rxd2 Nfe4 30. Nxe4 Nxe4 31. Re2 a5 32. a3 Rb8 33. Rd1 Nd6
34. Rdd2 Kf8 35. f3 1/2-1/2

[Event "Summer Team Tournament 2020"]
[Site "Skype"]
[Date "????.??.??"]
[Round "4"]
[White "Thoune, Jim"]
[Black "Erten, Ozlem"]
[Result "1-0"]
[WhiteElo "1589"]
[BlackElo "1388"]
[PlyCount "45"]

1. Nf3 e5 2. Nxe5 Qe7 3. Nf3 Nc6 4. c3 Qc5 5. d4 Qd6 6. e4 Be7 7. Bd3 Nf6 8.
O-O O-O 9. e5 Qxe5 10. dxe5 Bc5 11. exf6 Re8 12. fxg7 Kxg7 13. Bh6+ Kxh6 14.
Qd2+ Kg7 15. Qg5+ Kf8 16. Qh6+ Ke7 17. Re1+ Kd8 18. Rxe8+ Kxe8 19. Nbd2 d6 20.
Re1+ Ne7 21. Ne4 Bg4 22. Nf6+ Kd8 23. Qf8# 1-0

[Event "Summer Team Tournament 2020"]
[Site "Skype"]
[Date "????.??.??"]
[Round "4"]
[White "Luunge, Abdi"]
[Black "Gerbaux, Regis"]
[Result "1-0"]
[WhiteElo "1285"]
[BlackElo "1334"]
[PlyCount "49"]

1. d4 d5 2. Nc3 Nf6 3. Nf3 c6 4. e3 Bf5 5. Na4 e6 6. Bd2 Bd6 7. Be2 O-O 8. O-O
Ne4 9. Bd3 Nd7 10. Nc3 Nxd2 11. Qxd2 Bxd3 12. Qxd3 Qf6 13. e4 dxe4 14. Nxe4 Qe7
15. c4 Bc7 16. a3 f5 17. Ng3 g6 18. Rfe1 Rae8 19. Re2 Qf6 20. Rae1 e5 21. dxe5
Nxe5 22. Nxe5 Bxe5 23. Qd7 Qg7 24. Qxg7+ Kxg7 25. Rxe5 1-0

[Event "Summer Team Tournament 2020"]
[Site "Skype"]
[Date "????.??.??"]
[Round "4"]
[White "Barba, Julio Cesar"]
[Black "Maccaferri, Massimo"]
[Result "1/2-1/2"]
[WhiteElo "1000"]
[BlackElo "1152"]
[PlyCount "118"]

1. e4 e5 2. Nf3 Nc6 3. Bc4 Nd4 4. O-O Qf6 5. c3 Nc6 6. d4 exd4 7. Bg5 Qg6 8.
cxd4 d5 9. Bd3 Bh3 10. exd5 Qh5 11. Re1+ Nge7 12. gxh3 Nxd4 13. Be2 Nxf3+ 14.
Bxf3 Qxg5+ 15. Bg4 h5 16. Qd2 Qxd2 17. Nxd2 hxg4 18. hxg4 O-O-O 19. Re5 Nxd5
20. Nc4 Nf4 21. Re3 Bc5 22. Re4 Nh3+ 23. Kg2 Nxf2 24. Re5 Bd6 25. Nxd6+ cxd6
26. Re7 Rde8 27. Rxe8+ Rxe8 28. Kxf2 d5 29. Rd1 Re5 30. Kf3 Kc7 31. Kf4 Kd6 32.
g5 g6 33. h4 Re4+ 34. Kg3 Ke5 35. Rd3 Kf5 36. Rxd5+ Ke6 37. Rd2 Kf5 38. Rf2+
Ke6 39. Rf6+ Ke7 40. Rf4 Re2 41. Rb4 b6 42. a3 Kd6 43. Kf3 Rc2 44. Kf4 Kc5 45.
Kg4 a5 46. Rf4 Rg2+ 47. Kh3 Rxb2 48. Rxf7 Rb3+ 49. Kg4 Rxa3 50. Rf6 Ra4+ 51.
Kh3 Rd4 52. Rxg6 a4 53. Rf6 a3 54. Rf5+ Kc4 55. g6 a2 56. g7 a1=Q 57. g8=Q+ Kb4
58. Qf8+ Kc3 59. Rf3+ Rd3 1/2-1/2

[Event "Summer Team Tournament 2020"]
[Site "Skype"]
[Date "????.??.??"]
[Round "4"]
[White "Elias, Roberto"]
[Black "Teles, Jeferson"]
[Result "1-0"]
[WhiteElo "1876"]
[BlackElo "1622"]
[PlyCount "57"]

1. c4 Nf6 2. Nc3 d5 3. cxd5 Nxd5 4. Qa4+ Bd7 5. Qb3 Nxc3 6. dxc3 b6 7. Bf4 f6
8. e4 e5 9. Be3 Bc5 10. Bxc5 bxc5 11. Rd1 Qc8 12. Qd5 c6 13. Qxc5 Be6 14. Rd6
Bxa2 15. Bc4 Bxc4 16. Qxc4 Ke7 17. Qc5 Ke8 18. Nf3 Qg4 19. O-O Kf7 20. Qc4+ Ke7
21. Rfd1 a5 22. h3 Qc8 23. Nh4 Re8 24. Nf5+ Kf8 25. Nh6 gxh6 26. Rxf6+ Kg7 27.
Qf7+ Kh8 28. Rxh6 Qf5 29. exf5 1-0

[Event "Summer Team Tournament 2020"]
[Site "Skype"]
[Date "????.??.??"]
[Round "4"]
[White "Lucena Vaz, Jose"]
[Black "Vello, Pablo"]
[Result "0-1"]
[WhiteElo "1527"]
[BlackElo "1527"]
[PlyCount "146"]

1. e4 e6 2. d4 d5 3. exd5 exd5 4. Bd3 Bd6 5. Nf3 Ne7 6. Bg5 O-O 7. O-O f6 8.
Bh4 Bf5 9. Re1 Bxd3 10. Qxd3 Ng6 11. Nbd2 Nc6 12. c3 Qd7 13. h3 a6 14. Nf1 Rae8
15. Bg3 Nf4 16. Qd2 Rxe1 17. Rxe1 Ne6 18. Qe3 Bxg3 19. Nxg3 Re8 20. Nf5 Na5 21.
Nd2 Nc6 22. Qg3 Ne7 23. Nh6+ Kf8 24. Ng4 Nf5 25. Qf3 Ng5 26. Rxe8+ Kxe8 27.
Qe2+ Qe6 28. Qxe6+ Nxe6 29. Kf1 Nf4 30. Ne3 Nd6 31. b3 c6 32. c4 dxc4 33. bxc4
b5 34. c5 Nb7 35. Nb3 Ke7 36. Nf5+ Kf7 37. h4 g6 38. Nh6+ Kg7 39. Ng4 Nd5 40.
Ne3 Nc3 41. a3 Nb1 42. Nc2 a5 43. Ke1 Nc3 44. f3 Nd5 45. Kd2 a4 46. Nc1 Na5 47.
Nb4 Nc4+ 48. Kd1 Nde3+ 49. Ke2 Nxg2 50. Nxc6 Nxh4 51. d5 Kf7 52. d6 Ke6 53. Na2
Nxa3 54. Nc3 Nf5 55. Nd8+ Kd7 56. Nb7 Nd4+ 57. Ke3 Nc6 58. Nd5 f5 59. Nb6+ Ke6
60. d7 Ke7 61. Kd3 h5 62. Nd6 Ne5+ 63. Ke3 Nxd7 64. Nxd7 Kxd7 65. Nxb5 Nxb5 66.
Kf4 a3 67. Kg5 a2 68. Kxg6 a1=Q 69. Kxh5 Qf6 70. c6+ Ke6 71. f4 Qf7+ 72. Kg5
Qg7+ 73. Kh4 Qg4# 0-1

[Event "Summer Team Tournament 2020"]
[Site "Skype"]
[Date "????.??.??"]
[Round "4"]
[White "Bustos, Ricardo"]
[Black "Franca, Diego"]
[Result "0-1"]
[WhiteElo "1216"]
[BlackElo "1307"]
[PlyCount "42"]

1. d4 Nf6 2. c4 g6 3. Nc3 Bg7 4. e4 d6 5. Nf3 O-O 6. Bf4 c5 7. e5 dxe5 8. dxe5
Nh5 9. Bg3 Nc6 10. Ne2 Bg4 11. Qb3 Qa5+ 12. Qc3 Bxf3 13. Qxa5 Nxa5 14. gxf3
Nxc4 15. b3 Nxe5 16. Bxe5 Bxe5 17. Rc1 b6 18. f4 Nxf4 19. Nxf4 Bxf4 20. Bg2
Rad8 21. O-O Bxc1 0-1

[Event "Summer Team Tournament 2020"]
[Site "Skype"]
[Date "????.??.??"]
[Round "4"]
[White "Amaral, Eliabe"]
[Black "Berbedes, Jorgelina"]
[Result "1-0"]
[WhiteElo "1000"]
[BlackElo "1074"]
[PlyCount "31"]

1. e4 e5 2. Nf3 Nc6 3. d4 d6 4. Bb5 Bd7 5. O-O Nf6 6. Re1 Be7 7. Bxc6 Bxc6 8.
dxe5 dxe5 9. Qxd8+ Rxd8 10. Nc3 Bd6 11. Bg5 Be7 12. Nxe5 Bb5 13. Nxb5 c5 14.
Nc7+ Kf8 15. f3 Rd7 16. Nxd7+ 1-0

[Event "Summer Team Tournament 2020"]
[Site "Skype"]
[Date "????.??.??"]
[Round "4"]
[White "Aranzubia, Desiderio"]
[Black "Figueroa, Tomas"]
[Result "0-1"]
[WhiteElo "1602"]
[BlackElo "2093"]
[PlyCount "46"]

1. d4 Nf6 2. c4 e6 3. Nc3 Bb4 4. Bd2 d5 5. a3 Be7 6. Bf4 O-O 7. e3 c5 8. cxd5
exd5 9. dxc5 Bxc5 10. Nf3 Nc6 11. h3 d4 12. exd4 Nxd4 13. Nxd4 Bxd4 14. Be2 Qb6
15. Bg3 Qxb2 16. Nb5 Qxa1 17. Nxd4 Qc3+ 18. Qd2 Qxd2+ 19. Kxd2 Ne4+ 20. Ke3
Nxg3 21. fxg3 Re8+ 22. Kf2 b6 23. Nb5 Ba6 0-1

[Event "Summer Team Tournament 2020"]
[Site "Skype"]
[Date "????.??.??"]
[Round "4"]
[White "Marino, Giuseppe"]
[Black "Escudero, Francisco"]
[Result "1/2-1/2"]
[WhiteElo "1465"]
[BlackElo "1414"]
[PlyCount "84"]

1. d4 Nf6 2. Nf3 d5 3. e3 e6 4. Bd3 c5 5. c3 Nc6 6. O-O Qc7 7. h3 Bd6 8. Nbd2
cxd4 9. exd4 O-O 10. Re1 e5 11. dxe5 Nxe5 12. Nxe5 Bxe5 13. Nf3 Re8 14. Bg5 Qd6
15. Bxf6 Qxf6 16. Qc2 g6 17. Qb3 Qd6 18. Qc2 Re7 19. Re2 Bd7 20. Nxe5 Rxe5 21.
Rae1 Rae8 22. Rxe5 Rxe5 23. Rxe5 Qxe5 24. Qe2 f6 25. Qxe5 fxe5 26. f3 Kf7 27.
Kf2 Kf6 28. h4 h5 29. Ke3 a5 30. g3 g5 31. hxg5+ Kxg5 32. Bc2 b5 33. a3 Bc6 34.
Bd1 Kf5 35. g4+ hxg4 36. fxg4+ Kg5 37. b4 a4 38. Be2 Bd7 39. Bf3 Be6 40. Be2
Bd7 41. Bf3 Bc6 42. Be2 Bd7 1/2-1/2

[Event "Summer Team Tournament 2020"]
[Site "Skype"]
[Date "????.??.??"]
[Round "4"]
[White "Hernandez, Joaquin"]
[Black "Mantelli, Luca"]
[Result "1-0"]
[WhiteElo "1300"]
[BlackElo "1388"]
[PlyCount "117"]

1. d4 d5 2. Bf4 Nf6 3. c3 c5 4. b3 Nc6 5. e3 e6 6. Nf3 Bd6 7. Ne5 Bxe5 8. Bxe5
Nxe5 9. dxe5 Nd7 10. Qh5 a6 11. Bd3 Nf8 12. Nd2 Ng6 13. Nf3 Qa5 14. O-O Qxc3
15. Bxg6 fxg6 16. Qg5 O-O 17. Rac1 Qa5 18. Qe7 Qd8 19. Qxc5 Bd7 20. Qd6 Rc8 21.
Rxc8 Qxc8 22. b4 Rd8 23. Qe7 Re8 24. Qd6 h6 25. Nh4 Kf7 26. f4 Rd8 27. g4 Bb5
28. Qb6 Bxf1 29. Kxf1 Re8 30. Qd4 Qc4+ 31. Kf2 Qxd4 32. exd4 Rc8 33. f5 a5 34.
Nxg6 exf5 35. gxf5 a4 36. Nf4 Rd8 37. Nd3 a3 38. Nc5 b6 39. Nb7 Rd7 40. e6+ Ke7
41. exd7 Kxd7 42. b5 Ke7 43. Kf3 Kf6 44. Kf4 g5+ 45. Kg4 Kf7 46. h4 Kf6 47.
hxg5+ hxg5 48. Nd6 Ke7 49. Nc8+ Kd7 50. Nxb6+ Kc7 51. Nxd5+ Kd6 52. Nf6 Kc7 53.
Kxg5 Kb6 54. d5 Kxb5 55. d6 Kc6 56. d7 Kc7 57. Kg6 Kd8 58. Nh7 Kxd7 59. f6 1-0

[Event "Summer Team Tournament 2020"]
[Site "Skype"]
[Date "????.??.??"]
[Round "4"]
[White "Zanotti, Damiano"]
[Black "Montilla Bejarano, Carmen"]
[Result "1-0"]
[WhiteElo "1000"]
[BlackElo "1077"]
[PlyCount "91"]

1. e4 Nf6 2. Nc3 g6 3. Nf3 Bg7 4. d4 d6 5. h3 Nfd7 6. Be3 e5 7. dxe5 dxe5 8.
Bc4 c6 9. O-O Nf6 10. Qxd8+ Kxd8 11. Rad1+ Nbd7 12. Bxf7 Kc7 13. Be6 Re8 14.
Bxd7 Bxd7 15. Rd2 h6 16. Rfd1 a6 17. b4 b5 18. a3 Bf8 19. Nh2 Be6 20. f4 Nd7
21. fxe5 Rad8 22. Nf3 Bg7 23. Bd4 Bc4 24. e6 Bxd4+ 25. Nxd4 Bxe6 26. Nce2 Nf8
27. Rf1 Bg8 28. Rf6 Rxe4 29. Rxc6+ Kb7 30. Rf6 Ne6 31. Rf2 Nxd4 32. Nxd4 Re1+
33. Kh2 Re4 34. c3 Re3 35. Rc2 h5 36. h4 Rd5 37. Nf3 Rf5 38. Rcd2 Rxc3 39. Rd7+
Rc7 40. Rxc7+ Kxc7 41. Rc2+ Kb6 42. Rd2 Bd5 43. Ne1 Be4 44. Rd6+ Kc7 45. Rxg6
Rf2 46. Re6 1-0

[Event "Summer Team Tournament 2020"]
[Site "Skype"]
[Date "????.??.??"]
[Round "4"]
[White "Hilton, Stephen"]
[Black "Ortega, Elvis"]
[Result "0-1"]
[WhiteElo "1741"]
[BlackElo "1887"]
[PlyCount "70"]

1. d4 Nf6 2. c4 e6 3. Nc3 Bb4 4. e3 O-O 5. Bd3 Bxc3+ 6. bxc3 d6 7. Nf3 b6 8.
O-O Bb7 9. Qe2 Ne4 10. Bb2 Nd7 11. Nd2 f5 12. f3 Nxd2 13. Qxd2 Qh4 14. Qf2
Qxf2+ 15. Rxf2 c5 16. Re1 Rac8 17. Rfe2 Ba6 18. Rc1 d5 19. Rd2 dxc4 20. Bb1
Rfd8 21. Rcd1 Bb5 22. Bc2 Re8 23. d5 Ne5 24. dxe6 Nd3 25. a4 Nxb2 26. Rb1 Nxa4
27. Rxb5 Nxc3 28. Rb2 g6 29. Rd7 Rxe6 30. Rxa7 Rd8 31. e4 fxe4 32. Bxe4 Nxe4
33. fxe4 c3 34. Rc2 Rd1+ 35. Kf2 Rd2+ 0-1

[Event "Summer Team Tournament 2020"]
[Site "Skype"]
[Date "????.??.??"]
[Round "4"]
[White "Lopez, Marco"]
[Black "Hague, Mark"]
[Result "1-0"]
[WhiteElo "1405"]
[BlackElo "1490"]
[PlyCount "47"]

1. d4 Nf6 2. c4 e6 3. Nf3 c5 4. e3 Nc6 5. Nc3 cxd4 6. exd4 Bb4 7. Qc2 d5 8. a3
Qa5 9. Bd2 O-O 10. Bd3 dxc4 11. Bxc4 Rd8 12. Be3 Be7 13. O-O a6 14. b4 Qc7 15.
Rfd1 b6 16. Rac1 Bb7 17. Bd3 h6 18. Ne4 Nxe4 19. Bxe4 f5 20. Bxc6 Rac8 21. Ba4
Qxc2 22. Bxc2 Rd7 23. Bb3 Rdc7 24. Bxe6+ 1-0